Оптика заряженных частиц: пер. с англ.

Λεπτομέρειες βιβλιογραφικής εγγραφής
Κύριος συγγραφέας: Вольник Г. Герман
Άλλοι συγγραφείς: Галль Л. Н
Γλώσσα:Ρωσικά
Έκδοση: СПб., Энергоатомиздат, 1992
Θέματα:
Μορφή: Βιβλίο
KOHA link:https://koha.lib.tpu.ru/cgi-bin/koha/opac-detail.pl?biblionumber=29250

MARC

LEADER 00000nam0a2200000 4500
001 29250
005 20231101205910.0
010 |a 5283046257 
035 |a (RuTPU)RU\TPU\book\29510 
035 |a BOOK00029585 
090 |a 29250 
100 |a 20011209d1992 k y0rusy50 ca 
101 1 |a rus  |c eng 
102 |a RU 
105 |a a z 001zy 
200 1 |a Оптика заряженных частиц  |e пер. с англ.  |f Г. Вольник 
210 |a СПб.  |c Энергоатомиздат  |d 1992 
215 |a 280 с.  |c ил. 
320 |a Библиогр.: с. 277-280 (123 назв.). 
606 1 |a Электронная оптика  |x (физика)  |2 stltpush  |3 (RuTPU)RU\TPU\subj\20360  |9 45469 
610 1 |a заряженные частицы 
610 1 |a оптика 
610 1 |a электромагнитные поля 
610 1 |a квадрупольные линзы 
675 |a 537.533.3  |v 3 
700 1 |a Вольник  |b Г.  |g Герман 
702 1 |a Галль  |b Л. Н 
801 0 |a RU  |b 63413507  |c 20011209  |g PSBO 
801 2 |a RU  |b 63413507  |c 20180212  |g PSBO 
942 |c BK